00415nam a22001337a 4500003000500000038001800005082000800023100001700031245007200048264003500120650003200155700003600187856005800223NUST aNusrat Nadeem a200 aAmjad, Osama aActive Navigation using Deep Reinforcement Learning/cOsama Amjad,  aIslamabad:bSEECS NUST.c2025. aMS- Electrical Engineering  aSupervisor: Dr. Wajahat Hussain u http://10.250.8.41:8080/xmlui/handle/123456789/54383